| 000 | 00638nam a22001815i 4500 | ||
|---|---|---|---|
| 001 | 182860 | ||
| 003 | ES-MaACL | ||
| 005 | 20240203062554.0 | ||
| 008 | 131119s1893 sp |||| | spa d | ||
| 080 | _a378.4(460.27M.)(060.55) | ||
| 110 | 2 |
_aUniversidad Central (Madrid) _97084 |
|
| 245 | 1 | 0 | _aMemoria del curso de 1891 a 92 y anuario del de 1892 a 93... |
| 260 |
_aMadrid : _b[s.n.], _c1893. |
||
| 500 | _aPrecede al tít.: Universidad Central de España. | ||
| 610 | 2 | 4 |
_aUniversidad Central (Madrid)- _vMemorias. _9141782 |
| 852 |
_aES-MaACL _jR-1748(2) _z.- Encuad. con otras obras _x Olim: T-651-F |
||
| 999 |
_c182860 _d182860 |
||